000 00669nam a2200181 i 4500
001 152838
003 ES-MaACL
005 20250803063057.0
008 990727s1884 po |||| | por d
080 _a336.1/.5(469)"18"
100 1 _aBulhões, Miguel Eduardo Lobo de,
_d1830-1894
_932498
245 1 2 _aA fazenda publica de Portugal
_b: practicas vigentes e varias utopias do auctor /
_cMiguel de Bulhoes.
260 _aLisboa :
_b[s.n.],
_c1884 (
_fImp. Nacional)
300 _a170 p. ;
_c24 cm.
650 4 _aHacienda pública-
_zPortugal.
_9168381
852 4 _aES-MaACL
_jT-1287-F-1
_z- Enc. hol., conservando enc. original
999 _c152838
_d152838